Tasmanian Premiers - Statistics

General Stats
  • This quiz has been taken 9 times
    5 since last reset
  • The average score is 5 of 47
Answer Stats
Term Premier % Correct
2022- Jeremy Rockliff
75%
2008-2011 David Bartlett
50%
1857-1860 Francis Smith
50%
1998-2004 Jim Bacon
50%
2020-2022 Peter Gutwein
50%
2014-2020 Will Hodgman
50%
1884-1886 Adye Douglas
25%
1969-1972 Angus Bethune
25%
1923-1928 Joseph Lyons
25%
2011-2014 Lara Giddings
25%
1856-1857 William Champ
25%
1934-1939 Albert Ogilvie
0%
1912-1914 Albert Solomon
0%
1873-1876 Alfred Kennerley
0%
1975-1977 Bill Neilson
0%
1977-1981 Doug Lowe
0%
1939 Edmund Dwyer-Gray
0%
1894-1899 Edward Braddon
0%
1947-1948 Edward Brooker
0%
1899-1903, 1909, 1909-1912 Elliott Lewis
0%
1958-1969, 1972-1975 Eric Reece
0%
1872-1873 Frederick Innes
0%
1981-1982 Harry Holgate
0%
1892-1894 Henry Dobson
0%
1886-1887 James Agnew
0%
1863-1866 James Whyte
0%
1869-1872 James Wilson
0%
1909, 1914-1916 John Earle
0%
1904-1909 John Evans
0%
1922-1923 John Hayes
0%
1928-1934 John McPhee
0%
1989-1992 Michael Field
0%
2004-2008 Paul Lennon
0%
1877-1878, 1887-1892 Philip Fysh
0%
1992-1996 Ray Groom
0%
1866-1869 Richard Dry
0%
1939-1947, 1948-1958 Robert Cosgrove
0%
1982-1989 Robin Gray
0%
1861-1863 Thomas Chapman
0%
1857 Thomas Gregson
0%
1876-1877 Thomas Reibey
0%
1996-1998 Tony Rundle
0%
1916-1922, 1923, 1934 Walter Lee
0%
1878-1879 William Crowther
0%
1878, 1879-1884 William Giblin
0%
1903-1904 William Propsting
0%
1857, 1860-1861 William Weston
0%
No matching quizzes found
Score Distribution
Percent of People with Each Score
Percentile by Number Answered
Your Score History
You have not taken this quiz since the last reset